• 首页
  • 本馆介绍
  • 公告通知
  • 最新文献
  • 馆藏检索
  • 电子资源
  • 读者导购
  • 参考咨询
  • 我的图书馆
  • 登录
  • 详细信息显示
  • 放入我的书架
  • 预约/预借图书
  • 作者相关作品
  • 分类相关作品
  • 丛书相关作品
  • 出版社相关作品

书目信息

  • 表格格式
  • 工作单格式
  • 卡片格式
题名:
四书五经
    
 
作者: 孟子 著
分册: 下  
出版信息: 长春   吉林出版集团股份有限公司  2016.06
页数: 290页
开本: 22cm
丛书名: 品读经典
单 册:
中图分类: B222.14 , Z126.1
科图分类:
主题词: 四书--译文 , 五经--译文 , 儒家 , 经学 , 先秦哲学
电子资源:
ISBN: 978-7-5581-1494-6
000 00989oam2 2200325 450
001 0120161943303
005 20180906091006.54
010    @a978-7-5581-1494-6@dCNY31.40,CNY62.80(全2册)
100    @a20160711d2016 em y0chiy50 ea
101 0  @achi
102    @aCN@b220000
105    @aa z 000yy
106    @ar
200 1  @a四书五经@9si shu wu jing@e精选@h下@f(战国)孟子[著]
210    @a长春@c吉林出版集团股份有限公司@d2016.06
215    @a290页@c图@d22cm
225 2  @a品读经典
330    @a本书分为论语、大学、中庸、孟子、诗经、礼记、周易、春秋左转。主要包括:学而、为政、八佾、里仁、长治公、雍也、述而、泰伯、子罕等。
333    @a一般读者
461  0 @12001 @a品读经典
606 0  @a四书@x译文
606 0  @a五经@x译文
606 0  @a儒家
606 0  @a经学
606 0  @a先秦哲学
690    @aB222.14@v5
690    @aZ126.1@v5
701  0 @c(战国)@a孟子@9meng zi@f(前372?-前289)@4著
801  0 @aCN@b人天书店@c20160711
905    @b1086552-56@dB222.14@e795:2@f5
    
    四书五经:精选.下/(战国)孟子[著].-长春:吉林出版集团股份有限公司,2016.06
    290页:图;22cm.-(品读经典)
    使用对象:一般读者
    
    ISBN 978-7-5581-1494-6:CNY31.40,CNY62.80(全2册)
    本书分为论语、大学、中庸、孟子、诗经、礼记、周易、春秋左转。主要包括:学而、为政、八佾、里仁、长治公、雍也、述而、泰伯、子罕等。
●
相关链接 在E读中查询图书 在五车中查询图书 在当当中查询图书 在豆瓣中查询图书


正题名:四书五经     索取号:B222.14/795:2         预约/预借

序号 登录号 条形码 馆藏地/架位号 状态 备注
1 1086552   210865526   第一样本阅览室/ [索取号:B222.14/795:2] 在馆    
2 1086553   210865535   教育系资料室/ [索取号:B222.14/795:2] 在馆    
3 1086554   210865544   教育系资料室/ [索取号:B222.14/795:2] 在馆    
4 1086555   210865553   第一借阅区/ [索取号:B222.14/795:2] 在馆    
5 1086556   210865562   第一借阅区/ [索取号:B222.14/795:2] 在馆    
唐山师范学院图书馆 欢迎您!
大连网信软件有限公司© 版权所有